00903cam a2200241 450000100060000000300080000600500170001400800390003103500190007004000270008904100080011608200220012410000280014624500770017426000890025130000290034050400310036965100450040065100430044594200120048899900170050095201440051735981BD-RjUL20211209052420.0140612s1968 bg b b 000 0 eng a(BD-RjUL)36078 aDLCcDLCdBD-RjULbeng aeng00a915.492bOBS 19681 aObaidullah, M. 910952910aSetting for demographic analysis in East Pakistan /c[by] M. Obaidullah. aDacca :bInstitute of Statistical Research and Training, University of Dacca,c1968. a47 p. ;bmaps. ;c24 cm. aBibliographical footnotes. 0aBangladeshxEconomic conditions.9109530 0aBangladeshxSocial conditions.9109531 2ddccBK c35981d35981 00102ddc40718NFICaRUCLbRUCLcReadingd1970-01-23eRoyal BooK Co.g7.00l0o915.492 OBS 1968r2014-06-12 00:00:00tC-1w2014-06-12yBK